<?xml version="1.0" encoding="UTF-8"?><?xml-stylesheet type="text/xsl" href="static/style.xsl"?><OAI-PMH xmlns="http://www.openarchives.org/OAI/2.0/" xmlns:xsi="http://www.w3.org/2001/XMLSchema-instance" xsi:schemaLocation="http://www.openarchives.org/OAI/2.0/ http://www.openarchives.org/OAI/2.0/OAI-PMH.xsd"><responseDate>2026-04-28T08:18:37Z</responseDate><request verb="GetRecord" identifier="oai:uvadoc.uva.es:10324/69855" metadataPrefix="marc">https://uvadoc.uva.es/oai/request</request><GetRecord><record><header><identifier>oai:uvadoc.uva.es:10324/69855</identifier><datestamp>2024-09-20T09:09:11Z</datestamp><setSpec>com_10324_1163</setSpec><setSpec>com_10324_931</setSpec><setSpec>com_10324_894</setSpec><setSpec>com_10324_68945</setSpec><setSpec>com_10324_954</setSpec><setSpec>col_10324_1327</setSpec><setSpec>col_10324_68960</setSpec></header><metadata><record xmlns="http://www.loc.gov/MARC21/slim" xmlns:doc="http://www.lyncode.com/xoai" xmlns:xsi="http://www.w3.org/2001/XMLSchema-instance" xmlns:dcterms="http://purl.org/dc/terms/" xsi:schemaLocation="http://www.loc.gov/MARC21/slim http://www.loc.gov/standards/marcxml/schema/MARC21slim.xsd">
<leader>00925njm 22002777a 4500</leader>
<datafield tag="042" ind1=" " ind2=" ">
<subfield code="a">dc</subfield>
</datafield>
<datafield tag="720" ind1=" " ind2=" ">
<subfield code="a">Gutiérrez Baños, Fernando</subfield>
<subfield code="e">author</subfield>
</datafield>
<datafield tag="720" ind1=" " ind2=" ">
<subfield code="a">Morillo Rodríguez, Francisco M.</subfield>
<subfield code="e">author</subfield>
</datafield>
<datafield tag="260" ind1=" " ind2=" ">
<subfield code="c">2023</subfield>
</datafield>
<datafield tag="520" ind1=" " ind2=" ">
<subfield code="a">Siempre que nos enfrentamos al estudio de obras de arte de un pasado más o menos remoto (como, en este caso, el medieval), somos conscientes de que el tiempo ha dejado su huella en ellas: descontextualizándolas, desmantelándolas o, peor aún, destruyéndolas. Como historiadores del arte, sentimos la necesidad de conocer cuál fue su configuración original para poder apreciar no solo sus valores estéticos, sino también su función social y cultural. No lo hacemos solo por pura erudición, sino para ser capaces de comunicar sus cualidades a las sociedades contemporáneas de las que somos parte y a las que nos debemos. En este trabajo presentamos el uso que hemos hecho de las herramientas digitales para el estudio de los retablos-tabernáculo, un tipo característico de retablo primitivo: gracias a ella hemos recuperado un capítulo importante del desarrollo del retablo en el Occidente medieval.</subfield>
</datafield>
<datafield tag="024" ind2=" " ind1="8">
<subfield code="a">Castiñeiras Lóipez, Javier y Moráis Morán, José Alberto (coords.): Mass-Mediea-Medievo. Videojuegos, cine y tecnologización del arte medieval. León: Universidad de León, Instituto de Estudios Medievales, 2023, pp. 43-71</subfield>
</datafield>
<datafield tag="024" ind2=" " ind1="8">
<subfield code="a">978-84-19682-29-1</subfield>
</datafield>
<datafield tag="024" ind2=" " ind1="8">
<subfield code="a">https://uvadoc.uva.es/handle/10324/69855</subfield>
</datafield>
<datafield tag="024" ind2=" " ind1="8">
<subfield code="a">43</subfield>
</datafield>
<datafield tag="024" ind2=" " ind1="8">
<subfield code="a">71</subfield>
</datafield>
<datafield tag="024" ind2=" " ind1="8">
<subfield code="a">Mass-Mediea-Medievo. Videojuegos, cine y tecnologización del arte medieval</subfield>
</datafield>
<datafield ind1=" " ind2=" " tag="653">
<subfield code="a">Historia del Arte</subfield>
</datafield>
<datafield ind1=" " ind2=" " tag="653">
<subfield code="a">Historia del Arte Medieval</subfield>
</datafield>
<datafield ind1=" " ind2=" " tag="653">
<subfield code="a">Pintura gótica</subfield>
</datafield>
<datafield ind1=" " ind2=" " tag="653">
<subfield code="a">Nuevas tecnologías aplicadas al patrimonio cultural</subfield>
</datafield>
<datafield ind1=" " ind2=" " tag="653">
<subfield code="a">Humanidades Digitales</subfield>
</datafield>
<datafield tag="245" ind1="0" ind2="0">
<subfield code="a">El uso de herramientas digitales para superar la fragmentación y la manipulación de las obras medievales: el caso de los retablos-tabernáculo</subfield>
</datafield>
</record></metadata></record></GetRecord></OAI-PMH>